Technical manual on watershed management-1. Resource inventorization (Record no. 41719)

MARC details
000 -LEADER
fixed length control field 00367nam a2200109Ia 4500
082 ## - DEWEY DECIMAL CLASSIFICATION NUMBER
Classification number 556.51:65(035)
Item number VEN.1
100 ## - MAIN ENTRY--AUTHOR NAME
Personal name Venkateswaralu, J
245 #0 - TITLE STATEMENT
Title Technical manual on watershed management-1. Resource inventorization
260 ## - PUBLICATION, DISTRIBUTION, ETC. (IMPRINT)
Place of publication Hyderabad
Name of publisher National Institute of Agricultural Extension Management
942 ## - ADDED ENTRY ELEMENTS (KOHA)
Koha item type Books
Holdings
Withdrawn status Lost status Damaged status Not for loan Home library Current library Date acquired Full call number Accession Number Koha item type
        RRII Library RRII Library 16/12/2021 556.51:65(035) VEN.1 22005 Books